000
00314nam a22001337a 4500
008
260325b ||||| |||| 00| 0 eng d
020
_a
9789951058445
041
_a
shqip
080
_a
821.112
100
_a
25
101
_a
Roman
245
_a
Bleta Maja dhe Aventurat e saj
_c
Waldemar Bonsels
942
_2
udc
_c
BK
999
_c
60936
_d
60936